Modern digital and analog communication systems / (Record no. 164863)

MARC details
000 -LEADER
fixed length control field 00828nam a22002297a 4500
005 - DATE AND TIME OF LATEST TRANSACTION
control field 20190802123101.0
010 ## - LCCN (DPL NO)
LC control number B-728341
020 ## - INTERNATIONAL STANDARD BOOK NUMBER
International Standard Book Number 9780199476282
Terms of availability 700.00
035 ## - SYSTEM CONTROL NUMBER
System control number B-728341
037 ## - SOURCE OF ACQUISITION
Source of stock number/acquisition RK Books
082 ## - DEWEY DECIMAL CLASSIFICATION NUMBER
Classification number 621.382
100 ## - MAIN ENTRY--PERSONAL NAME
Personal name Lathi,B. P.
245 ## - TITLE STATEMENT
Title Modern digital and analog communication systems /
Statement of responsibility, etc by B. P. Lathi [and] Zhi Ding
250 ## - EDITION STATEMENT
Edition statement 4th ed
260 ## - PUBLICATION, DISTRIBUTION, ETC. (IMPRINT)
Place of publication, distribution, etc New Delhi
Name of publisher, distributor, etc Oxford University Press
Date of publication, distribution, etc 2018
270 ## - ADDRESS
Address Ground Floor, 2/11, Ansari Road, Daryaganj
City New Delhi
Postal code 110002
300 ## - PHYSICAL DESCRIPTION
Extent xi, 964p.:
Dimensions 24cm(pbk)
Other physical details ill.
500 ## - GENERAL NOTE
General note includes index
700 ## - ADDED ENTRY--PERSONAL NAME
Personal name Ding, Zhi
942 ## - ADDED ENTRY ELEMENTS (KOHA)
Source of classification or shelving scheme Dewey Decimal Classification
Item type English Books
Classification part 621.382
Call number suffix LAT
Holdings
Withdrawn status Lost status Not for loan Collection code Home library Current library Date acquired Source of acquisition Cost, normal purchase price Full call number Barcode Copy number Cost, replacement price Koha item type
      Non-fiction Vinoba Puri Vinoba Puri 29/05/2019 RK Books/IN393/2019-20/24-05-19/05/20-05-19/28-05-19 700.00 621.382 LAT B-728341 1 700.00 English Books

© Delhi Public Library
Hit Counter
free hit counter